000 01130nam a2200277Ia 4500
003 OSt
005 20221005110014.0
006 a|||||r|||| 00| 0
007 ta
008 221004b |||||||| |||| 00| 0 pan d
020 _a8172012063 (hbk)
_c375
024 _a92034
037 _b524, 19/03/2009, Vani Prakashan
_cTextual
040 _aCRL
_cCRL
_bpan
041 _2pan
_apan
082 _aO153,3N17x, 152N2;P9
100 _aदुग्गल, कर्तार सिंह
245 0 _aचॉंदनी रात का दुखांत
246 _aChaॉandanī rāt kā dukhāanta
260 _aनई दिल्ली
_bसाहित्य अकादेमी भारत
_c2009
300 _a224पृ0
_ccm.
490 _aसाहित्य अकादेमी द्वारा पुरस्कृत पंजाबी कहानियॉं
650 _aपंजाबी निबंध
942 _hO153,3N17x, 152N2;P9
_cTEXL
_2cc
999 _c1017501
_d1017501